000 00460nam a2200181Ia 4500
001 43115
008 140425s9999 xx 000 0 und d
020 _aNA
040 _cPK-LaUMT
082 _aRHC 891.4394
_bABI-T
100 _aAbid Siddique
245 _aTahseenyaat (Urdu)
_cAbid Siddique
260 _aLahore,Pakistan:
_bMagrabi Pakistan Urdu Academy,
_c2005
300 _a152 p.
546 _aUR
650 _aPakistani literature-Urdu
942 _cBK
999 _c41126
_d41126